000
00318nam a22001217a 4500
040
_c
SY
082
_a
571
100
_a
KY VANNARITH; គី វណ្ណារិទ្ធ
245
_a
The physiology of fishes, សរីរៈវិទ្យាត្រី
260
_a
RUA
_b
KY
_c
2001
300
_a
40p.
942
_c
KB
999
_c
9691
_d
9691